[Event "Rubinstein Memorial-C 55th"]
[Site "Polanica Zdroj"]
[Date "2019.08.23"]
[Round "7"]
[White "Rzenca, Jerzy"]
[Black "Bogdanov, Maxim A"]
[Result "0-1"]
[WhiteElo "1419"]
[BlackElo "1763"]
[PlyCount "94"]
[EventDate "2019.08.17"]
[EventType "swiss"]
[EventRounds "9"]
[EventCountry "POL"]
[SourceTitle "EXT 2020"]
[Source "ChessBase"]
[SourceDate "2019.10.17"]
[SourceVersion "1"]
[SourceVersionDate "2019.10.17"]
[SourceQuality "1"]

1. e4 e5 2. Nf3 Nf6 3. Nxe5 d6 4. Nf3 Nxe4 5. Nc3 Nxc3 6. dxc3 Be7 7. Be3 0-0 8. Qd2 c5 9. 0-0-0 Nc6 10. Kb1 Be6 11. Bd3 Ne5 12. Nxe5 dxe5 13. Qe2 Qa5 14. c4 Rae8 15. Bd2 Qc7 16. Bc3 Bd6 17. h4 f5 18. f3 Bd7 19. g4 e4 20. fxe4 fxg4 21. Rdf1 Be5 22. Bxe5 Qxe5 23. Qg2 Rxf1+ 24. Rxf1 Rf8 25. a3 Rxf1+ 26. Bxf1 Qf4 27. Qh1 h5 28. Bg2 Bc6 29. b3 Kh7 30. Ka2 b6 31. Kb1 Kh6 32. Ka2 g5 33. e5 Bxg2 34. Qxg2 Qxe5 35. Qc6+ Kg7 36. Qd7+ Kg6 37. Qc6+ Kf5 38. Qd7+ Kf4 39. Qd2+ Qe3 40. Qh2+ g3 41. Qg2 gxh4 42. Qd5 Qe4 43. Qxh5 Ke3 44. Qh6+ Kf2 45. Qd2+ Kg1 46. Qd1+ Kh2 47. Qd2+ g2 0-1